[Event "DEM U10/U10w 2009"]
[Site "Willingen GER"]
[Date "2009.06.03"]
[Round "6"]
[White "Schmekel, Florian"]
[Black "Gungl, Theo"]
[Result "1/2-1/2"]
[Termination "normal"]
[Board "4"]
[WhiteElo "1410"]
[BlackElo "1681"]
[PlyCount "75"]
[WhiteFideId "12913456"]
[BlackFideId "24695653"]
[EventCountry "GER"]
[EventRounds "11"]
[EventType "swiss"]
[EventDate "2009.05.30"]

1. d4 c6 2. c4 d5 3. cxd5 cxd5 4. Nc3 Nf6 5. Bf4 Nc6 6. e3 Bf5 7. Nf3 a6 8. Be2
e6 9. O-O Bd6 10. Bxd6 Qxd6 11. Qb3 Qc7 12. Qa3 Qe7 13. Qxe7+ Nxe7 14. Rac1 O-O
15. Na4 Bg4 16. Rc7 b5 17. Nc5 Rfe8 18. h3 Bxf3 19. Bxf3 Kf8 20. Rc1 Rec8 21.
Nd3 Ne8 22. R7c5 Nd6 23. Ne5 Rxc5 24. dxc5 Rc8 25. Rc3 Nb7 26. Kf1 f6 27. Nd3
Ke8 28. b4 Nc6 29. a3 Kd7 30. Bg4 f5 31. Be2 a5 32. Ke1 e5 33. bxa5 Ncxa5 34.
Nxe5+ Ke6 35. c6 Nd6 36. f4 Ndc4 37. Bxc4 bxc4 38. Kd2 1/2-1/2

[Event "DEM U10/U10w 2009"]
[Site "Willingen GER"]
[Date "2009.06.03"]
[Round "6"]
[White "Baskin, Robert"]
[Black "Krüger, David"]
[Result "1-0"]
[Termination "normal"]
[Board "5"]
[WhiteElo "1697"]
[BlackElo "1094"]
[PlyCount "67"]
[WhiteFideId "24662402"]
[BlackFideId "12921858"]
[EventCountry "GER"]
[EventRounds "11"]
[EventType "swiss"]
[EventDate "2009.05.30"]

1. e4 e5 2. Nf3 Nf6 3. Nxe5 d6 4. Nf3 Nxe4 5. Qe2 Qe7 6. d3 Nf6 7. Bg5 Be6 8.
Nc3 Nbd7 9. Nb5 Nb6 10. g3 a6 11. Nbd4 h6 12. Bxf6 Qxf6 13. Bh3 Kd7 14. Nxe6
fxe6 15. d4 Re8 16. Rd1 d5 17. Ne5+ Kc8 18. Bg4 Na4 19. c3 Bd6 20. Bh5 Reg8 21.
O-O Bxe5 22. dxe5 Qe7 23. Bg4 Kb8 24. c4 dxc4 25. Bf3 Nb6 26. Qe4 c6 27. Bg4
Nd5 28. Qxc4 g6 29. Rd3 Re8 30. Rb3 Ka8 31. Rc1 Rhf8 32. Qe2 Rf7 33. Rxc6 Nc7
34. Bf3 1-0

[Event "DEM U10/U10w 2009"]
[Site "Willingen GER"]
[Date "2009.06.03"]
[Round "6"]
[White "Brandl, Lea Maria"]
[Black "Bachem, Oliver"]
[Result "1-0"]
[Termination "normal"]
[Board "6"]
[WhiteElo "1438"]
[BlackElo "1349"]
[PlyCount "135"]
[WhiteFideId "24693049"]
[BlackFideId "12940186"]
[EventCountry "GER"]
[EventRounds "11"]
[EventType "swiss"]
[EventDate "2009.05.30"]

1. d4 Nf6 2. c4 g6 3. Nc3 Bg7 4. e4 d6 5. Nf3 O-O 6. Be2 e5 7. dxe5 dxe5 8.
Qxd8 Rxd8 9. Bg5 Nc6 10. Nd5 Nxd5 11. Bxd8 Ndb4 12. Rd1 f6 13. Bxc7 Bg4 14. O-O
Rc8 15. Bd6 Nc2 16. h3 Bxf3 17. Bxf3 N6d4 18. c5 Nxf3+ 19. gxf3 Nd4 20. Kg2 Bf8
21. Rc1 Ne2 22. Rcd1 Nd4 23. a3 a5 24. b4 axb4 25. axb4 b6 26. Bxf8 Kxf8 27.
cxb6 Rb8 28. Rb1 Rxb6 29. Rfd1 Ke7 30. f4 Ke6 31. fxe5 Kxe5 32. f3 Rb5 33. Kf2
h5 34. Ke3 Nc2+ 35. Kf2 Nd4 36. Rdc1 Ne6 37. Ke3 g5 38. Rd1 Nf4 39. Rdc1 Ne6
40. Kf2 Kf4 41. Rc6 Ke5 42. Kg3 f5 43. exf5 Kxf5 44. Re1 Rxb4 45. Rexe6 h4+ 46.
Kf2 Rb2+ 47. Re2 Rb5 48. Rc8 Rb3 49. Rf8+ Kg6 50. Re6+ Kg7 51. Rc8 Rb2+ 52. Ke3
Kf7 53. Ra6 Rb7 54. Ke4 Ke7 55. Kf5 Rb5+ 56. Kg6 Kd7 57. Rh8 Kc7 58. Rh7+ Kb8
59. Rf6 Rc5 60. Rf8+ Rc8 61. Rxc8+ Kxc8 62. Kf6 Kb8 63. Ke6 Ka8 64. Kd6 Kb8 65.
Kc6 g4 66. fxg4 Ka8 67. Kb6 Kb8 68. Rh8# 1-0

[Event "DEM U10/U10w 2009"]
[Site "Willingen GER"]
[Date "2009.06.03"]
[Round "6"]
[White "Schulte, Felix"]
[Black "Rempe, Moritz"]
[Result "0-1"]
[Termination "normal"]
[Board "7"]
[WhiteElo "1179"]
[BlackElo "1362"]
[PlyCount "54"]
[WhiteFideId "12914800"]
[BlackFideId "12906867"]
[EventCountry "GER"]
[EventRounds "11"]
[EventType "swiss"]
[EventDate "2009.05.30"]

1. e4 e6 2. d4 d5 3. e5 c5 4. c3 Qb6 5. Nf3 Nc6 6. Be2 f6 7. exf6 Nxf6 8. O-O
Bd6 9. Na3 a6 10. Nc2 O-O 11. b3 Bd7 12. Bb2 Qc7 13. h3 b5 14. Nd2 c4 15. g4 e5
16. Bf3 e4 17. Bg2 Ne7 18. g5 Ne8 19. h4 Qc8 20. Re1 Bh3 21. Bh1 Qb8 22. Bg2
Bxg2 23. Kxg2 Ng6 24. Rh1 Nf4+ 25. Kf1 Nd3 26. Bc1 Rxf2+ 27. Kg1 Bh2+ 0-1

[Event "DEM U10/U10w 2009"]
[Site "Willingen GER"]
[Date "2009.06.03"]
[Round "6"]
[White "Dürr, Florian"]
[Black "Boes, Julian"]
[Result "1-0"]
[Termination "normal"]
[Board "8"]
[WhiteElo "1649"]
[BlackElo "1186"]
[PlyCount "59"]
[WhiteFideId "24659134"]
[BlackFideId "12907723"]
[EventCountry "GER"]
[EventRounds "11"]
[EventType "swiss"]
[EventDate "2009.05.30"]

1. e4 e5 2. Nf3 Nf6 3. Nxe5 d6 4. Nf3 Nxe4 5. Nc3 Nxc3 6. dxc3 Be7 7. Be3 Nc6
8. Qd2 Bg4 9. Be2 Qd7 10. O-O-O O-O-O 11. h3 Bh5 12. Nd4 Nxd4 13. Bxh5 Nc6 14.
Bxf7 Rhf8 15. Bh5 Kb8 16. Rhe1 Bf6 17. Bg4 Qf7 18. Be2 Qxa2 19. Qd3 Qf7 20.
Qxh7 Ne5 21. Qe4 Rde8 22. Qa4 b6 23. f4 Nd7 24. Bf3 Nc5 25. Bxc5 Rxe1 26. Rxe1
bxc5 27. Qb5+ Kc8 28. Qb7+ Kd8 29. Qa8+ Kd7 30. Bc6# 1-0

[Event "DEM U10/U10w 2009"]
[Site "Willingen GER"]
[Date "2009.06.03"]
[Round "6"]
[White "Petrashov, Alexander"]
[Black "Graf, Clara Victoria"]
[Result "1-0"]
[Termination "normal"]
[Board "9"]
[WhiteElo "1613"]
[BlackElo "1255"]
[PlyCount "171"]
[WhiteFideId "24662461"]
[BlackFideId "1270339"]
[EventCountry "GER"]
[EventRounds "11"]
[EventType "swiss"]
[EventDate "2009.05.30"]

1. e4 c5 2. Ne2 Nc6 3. Nbc3 g6 4. g3 Bg7 5. Bg2 Nf6 6. O-O O-O 7. f4 d6 8. h3
Nd7 9. d3 Nb6 10. g4 Nd4 11. Ng3 c4 12. Nce2 Qc7 13. Nxd4 Bxd4+ 14. Kh2 Bg7 15.
d4 Rd8 16. c3 d5 17. e5 f6 18. Be3 a5 19. Qe2 a4 20. Bd2 Qc6 21. Rae1 Qb5 22.
Bc1 Bd7 23. e6 Bc6 24. f5 Be8 25. Bf4 a3 26. bxa3 Rxa3 27. Rb1 Qc6 28. Qb2 Ra6
29. Qb4 Bf8 30. h4 Rda8 31. Rfe1 Kg7 32. Qb2 Na4 33. Qd2 Kg8 34. Rec1 b5 35.
Rc2 R8a7 36. Bh6 Bg7 37. Bxg7 Kxg7 38. Qf4 Rb7 39. a3 Qd6 40. Qxd6 Rxd6 41. Bf3
Kg8 42. Bd1 Ra6 43. Rcc1 Kg7 44. Bxa4 Rxa4 45. Ra1 Rba7 46. Kh3 Rxa3 47. Rxa3
Rxa3 48. Ne2 gxf5 49. gxf5 Bh5 50. Nf4 Bf3 51. Kg3 Be4 52. Kg4 Kg8 53. Nh5 b4
54. Ng3 b3 55. Nxe4 dxe4 56. Kf4 b2 57. Rb1 Rxc3 58. Rxb2 e3 59. h5 Rb3 60. Ra2
Kg7 61. Re2 c3 62. Kxe3 Kh6 63. Kd3 c2+ 64. Kxc2 Rh3 65. d5 Ra3 66. d6 Ra8 67.
d7 Rd8 68. Kd3 Kg5 69. Rc2 Kxf5 70. Rc8 Kxe6 71. Rxd8 f5 72. Rh8 Kxd7 73. Rxh7
Ke6 74. Rg7 Kf6 75. h6 e5 76. Rg1 f4 77. h7 f3 78. h8=Q+ Kf5 79. Rg7 e4+ 80.
Ke3 Ke5 81. Re7+ Kd5 82. Qe5+ Kc4 83. Rc7+ Kb3 84. Qc3+ Ka2 85. Ra7+ Kb1 86.
Ra1# 1-0

[Event "DEM U10/U10w 2009"]
[Site "Willingen GER"]
[Date "2009.06.03"]
[Round "6"]
[White "Flüchter, Gregor"]
[Black "Wiesner, Paula"]
[Result "1-0"]
[Termination "normal"]
[Board "10"]
[WhiteElo "1226"]
[BlackElo "1942"]
[PlyCount "31"]
[WhiteFideId "12903396"]
[BlackFideId "24654019"]
[EventCountry "GER"]
[EventRounds "11"]
[EventType "swiss"]
[EventDate "2009.05.30"]

1. e4 e5 2. Nf3 Nf6 3. d4 Nxe4 4. Bd3 d5 5. Nxe5 Bd6 6. O-O O-O 7. Re1 f6 8.
Ng4 f5 9. Ne5 Re8 10. f3 Nf6 11. Nc3 a6 12. Bg5 c6 13. Na4 Qc7 14. f4 Ne4 15.
Qh5 Be6 16. Qxe8+ 1-0

[Event "DEM U10/U10w 2009"]
[Site "Willingen GER"]
[Date "2009.06.03"]
[Round "6"]
[White "Greßmann, Moritz"]
[Black "Nobis, Anna"]
[Result "1-0"]
[Termination "normal"]
[Board "12"]
[WhiteElo "1500"]
[BlackElo "1269"]
[PlyCount "71"]
[WhiteFideId "24695084"]
[BlackFideId "1270302"]
[EventCountry "GER"]
[EventRounds "11"]
[EventType "swiss"]
[EventDate "2009.05.30"]

1. Nf3 d5 2. c4 e6 3. d4 Nf6 4. Nc3 Be7 5. e3 O-O 6. Bd3 dxc4 7. Bxc4 c5 8. O-O
Nc6 9. dxc5 Bxc5 10. b3 a6 11. Bb2 b5 12. Bd3 Qc7 13. Qc2 h6 14. Ne4 Nxe4 15.
Bxe4 Qa7 16. Bxc6 Rb8 17. Rac1 Bd6 18. Rfd1 Rd8 19. Be5 Qe7 20. Bxd6 Rxd6 21.
Rxd6 Qxd6 22. Rd1 Qc7 23. Be4 Qe7 24. Rc1 f5 25. Bd3 Bb7 26. Be2 Rc8 27. Qb2
Rxc1+ 28. Qxc1 Qf6 29. h3 Qg6 30. Qc7 Bd5 31. Qc8+ Kh7 32. Qxa6 b4 33. Qd6 Be4
34. Qxb4 e5 35. a4 Qc6 36. Qc4 1-0

[Event "DEM U10/U10w 2009"]
[Site "Willingen GER"]
[Date "2009.06.03"]
[Round "6"]
[White "Kollars, Dmitrij"]
[Black "Oelfke, Nils Lukas"]
[Result "0-1"]
[Termination "normal"]
[Board "13"]
[WhiteElo "1465"]
[BlackElo "1196"]
[PlyCount "114"]
[WhiteFideId "12909572"]
[EventCountry "GER"]
[EventRounds "11"]
[EventType "swiss"]
[EventDate "2009.05.30"]

1. e4 c5 2. Nf3 Nc6 3. d4 cxd4 4. Nxd4 g6 5. c4 Nf6 6. Nc3 d6 7. Be2 Nxd4 8.
Qxd4 Bg7 9. O-O O-O 10. Qd1 Be6 11. f3 Qa5 12. Nd5 Nxd5 13. cxd5 Bd7 14. Be3 a6
15. Qb3 b5 16. a4 b4 17. Rfc1 Rfb8 18. Bd1 Qd8 19. a5 Rb7 20. Bb6 Rxb6 21. axb6
Qxb6+ 22. Kf1 a5 23. Rab1 Bd4 24. Rc2 a4 25. Qd3 Bb5 26. Rc4 Qa6 27. Be2 Bxc4
28. Qxc4 Qxc4 29. Bxc4 Rc8 30. Bd3 Kg7 31. Ke2 Kf6 32. Ke1 Ke5 33. Bc2 b3 34.
Bd3 Kf4 35. Ke2 g5 36. g3+ Ke5 37. Kf1 h5 38. Ke2 h4 39. Kf1 hxg3 40. hxg3 Be3
41. Ke2 Bd4 42. Kf1 Rc2 43. Bxc2 bxc2 44. Rc1 Bxb2 45. Rxc2 a3 46. Ke2 a2 47.
Rxb2 a1=Q 48. Rd2 Qa6+ 49. Kf2 Qc4 50. Re2 g4 51. f4+ Kd4 52. Re1 Qc2+ 53. Kg1
Qxe4 54. Rd1+ Qd3 55. Rf1 Qxg3+ 56. Kh1 Qh3+ 57. Kg1 Qxf1+ 0-1

[Event "DEM U10/U10w 2009"]
[Site "Willingen GER"]
[Date "2009.06.03"]
[Round "6"]
[White "Berdin, Victoria"]
[Black "Riehle, Marco"]
[Result "0-1"]
[Termination "normal"]
[Board "14"]
[WhiteElo "1137"]
[BlackElo "1442"]
[PlyCount "62"]
[BlackFideId "12904392"]
[EventCountry "GER"]
[EventRounds "11"]
[EventType "swiss"]
[EventDate "2009.05.30"]

1. e4 e5 2. Nf3 Nc6 3. Nc3 Bc5 4. Bc4 d6 5. d3 Bg4 6. h3 Bh5 7. Be3 Bb6 8. Nd5
Bxe3 9. fxe3 Nge7 10. O-O O-O 11. Qe2 Na5 12. Bb3 Nxb3 13. axb3 f5 14. Nxe7+
Qxe7 15. exf5 d5 16. e4 dxe4 17. dxe4 Rad8 18. Rxa7 Rd6 19. Rxb7 Rfd8 20. Qc4+
Bf7 21. Qc3 Rd1 22. Rxd1 Rxd1+ 23. Kf2 h6 24. Qxc7 Qf8 25. Nxe5 Be8 26. Qc4+
Kh7 27. Qa6 Qc5+ 28. Ke2 Qxc2+ 29. Kf3 Qd2 30. Qf6 Rf1+ 31. Kg4 Qf4# 0-1

[Event "DEM U10/U10w 2009"]
[Site "Willingen GER"]
[Date "2009.06.03"]
[Round "6"]
[White "Scheinhütte, Jakob"]
[Black "Hemprich, Iustus"]
[Result "0-1"]
[Termination "normal"]
[Board "15"]
[WhiteElo "1174"]
[BlackElo "1420"]
[PlyCount "125"]
[WhiteFideId "24693944"]
[EventCountry "GER"]
[EventRounds "11"]
[EventType "swiss"]
[EventDate "2009.05.30"]

1. e4 c5 2. Nf3 d6 3. Bb5+ Bd7 4. Bxd7+ Qxd7 5. O-O Nc6 6. Nc3 Nf6 7. d3 e6 8.
Bg5 Be7 9. Qd2 O-O 10. Rfe1 h6 11. Bh4 g5 12. Bg3 Nh5 13. h4 Nxg3 14. fxg3 g4
15. Nh2 Kg7 16. Nxg4 Rh8 17. Rf1 Raf8 18. Qf4 e5 19. Qf3 Nd4 20. Qd1 Nxc2 21.
Nxe5 dxe5 22. Qxc2 c4 23. dxc4 Qd4+ 24. Kh2 Qxc4 25. Qd1 Qe6 26. Nd5 Rd8 27.
Qh5 Rd7 28. Rf5 Bg5 29. hxg5 Rxd5 30. Rxf7+ Qxf7 31. Qxf7+ Kxf7 32. exd5 hxg5+
33. Kg1 Ke7 34. Kf2 Kd6 35. Rd1 Rc8 36. Rd2 Rc5 37. Ke3 Rxd5 38. Rxd5+ Kxd5 39.
Kd3 g4 40. b3 a6 41. a3 b6 42. a4 a5 43. Ke3 e4 44. Ke2 Kd4 45. Kd2 e3+ 46. Kc2
e2 47. Kd2 e1=Q+ 48. Kxe1 Kc3 49. Ke2 Kxb3 50. Ke3 Kxa4 51. Kf4 b5 52. Kxg4 b4
53. Kh5 b3 54. g4 b2 55. g5 b1=Q 56. g6 Qb8 57. g7 Qg8 58. Kh6 Kb5 59. g4 a4
60. g5 a3 61. Kg6 Kb4 62. Kf6 a2 63. g6 0-1

[Event "DEM U10/U10w 2009"]
[Site "Willingen GER"]
[Date "2009.06.03"]
[Round "6"]
[White "Spitzl, Vinzent"]
[Black "Phenn, Jan-Niklas"]
[Result "1-0"]
[Termination "normal"]
[Board "16"]
[WhiteElo "1382"]
[BlackElo "1172"]
[PlyCount "101"]
[WhiteFideId "12901253"]
[BlackFideId "12954985"]
[EventCountry "GER"]
[EventRounds "11"]
[EventType "swiss"]
[EventDate "2009.05.30"]

1. d4 d5 2. Nf3 e6 3. c4 Nf6 4. Nc3 Nbd7 5. cxd5 exd5 6. Bg5 Be7 7. e3 h6 8.
Bh4 O-O 9. Bd3 c6 10. O-O Qc7 11. Bg3 Bd6 12. Bxd6 Qxd6 13. Rb1 Nb6 14. Ne5
Nbd7 15. Nxd7 Bxd7 16. b4 Ng4 17. g3 Rfe8 18. Be2 Nf6 19. Bf3 Bf5 20. Rb2 Rac8
21. Qd2 Nd7 22. Na4 b6 23. Rc1 c5 24. dxc5 bxc5 25. Qxd5 Qxd5 26. Bxd5 cxb4 27.
Rxc8 Rxc8 28. Rxb4 Ne5 29. Nb2 Rc1+ 30. Kg2 Rb1 31. Rf4 Bg6 32. Nc4 Nxc4 33.
Bxc4 Rb4 34. Bxf7+ Bxf7 35. Rxb4 Bxa2 36. Ra4 Bd5+ 37. Kg1 Kf8 38. Rxa7 Kg8 39.
Kf1 Kf8 40. Ke1 Kg8 41. Kd2 Kh7 42. Kc3 Kg6 43. Kd4 Bf3 44. Ke5 Bg4 45. Ra6+
Kh7 46. Kf4 Bc8 47. Rd6 h5 48. Kg5 Bg4 49. e4 Kg8 50. Kg6 Kf8 51. e5 1-0

[Event "DEM U10/U10w 2009"]
[Site "Willingen GER"]
[Date "2009.06.03"]
[Round "6"]
[White "Peter, Anton"]
[Black "Gschnitzer, Adrian"]
[Result "1-0"]
[Termination "normal"]
[Board "17"]
[WhiteElo "1359"]
[BlackElo "1253"]
[PlyCount "127"]
[WhiteFideId "12901660"]
[BlackFideId "1270337"]
[EventCountry "GER"]
[EventRounds "11"]
[EventType "swiss"]
[EventDate "2009.05.30"]

1. d4 d5 2. c4 e6 3. Nf3 Nf6 4. Nc3 Be7 5. Bg5 b6 6. e3 Nbd7 7. Be2 Bb7 8. O-O
O-O 9. Rc1 c5 10. cxd5 Nxd5 11. Bxe7 Qxe7 12. Nxd5 exd5 13. dxc5 bxc5 14. Qc2
Rfe8 15. Bb5 Rac8 16. Qf5 Red8 17. Rfd1 a6 18. Bd3 g6 19. Qg4 c4 20. Be2 Ne5
21. Qd4 Nc6 22. Qc3 Qe4 23. Nd4 a5 24. Nxc6 Bxc6 25. Qxa5 d4 26. Bf3 Qh4 27.
Rxc4 Bxf3 28. Rxc8 Rxc8 29. gxf3 Rc2 30. Qe1 dxe3 31. Qxe3 Rxb2 32. Qe8+ Kg7
33. Qe5+ Qf6 34. Qxf6+ Kxf6 35. Ra1 Ke5 36. Kg2 Kf4 37. a4 Rb6 38. a5 Ra6 39.
Ra4+ Ke5 40. Kg3 h5 41. f4+ Kf5 42. Kf3 h4 43. h3 g5 44. fxg5 Kxg5 45. Ke4 Kf6
46. Kd5 Ke7 47. Kc5 Kd7 48. Kb5 Ra8 49. a6 Kc7 50. a7 Kb7 51. Kc5 Rxa7 52.
Rxa7+ Kxa7 53. Kd6 Kb6 54. Ke7 Kc5 55. Kxf7 Kd5 56. Kf6 Ke4 57. Kg5 Kf3 58.
Kxh4 Kf4 59. f3 Kxf3 60. Kg5 Ke4 61. h4 Ke5 62. h5 Ke6 63. Kg6 Ke7 64. Kg7 1-0

[Event "DEM U10/U10w 2009"]
[Site "Willingen GER"]
[Date "2009.06.03"]
[Round "6"]
[White "Perske, Thore"]
[Black "Pallas, Sebastian"]
[Result "0-1"]
[Termination "normal"]
[Board "19"]
[WhiteElo "1120"]
[BlackElo "1334"]
[PlyCount "58"]
[WhiteFideId "12902195"]
[BlackFideId "12905453"]
[EventCountry "GER"]
[EventRounds "11"]
[EventType "swiss"]
[EventDate "2009.05.30"]

1. e4 c5 2. d3 e6 3. g3 d5 4. Nd2 Nc6 5. Bg2 Nge7 6. Ngf3 g6 7. O-O Bg7 8. Re1
O-O 9. Qe2 f5 10. e5 b6 11. Nf1 h6 12. h4 Bb7 13. Bf4 Qc7 14. N1h2 Rad8 15. Qd2
Kh7 16. g4 Rf7 17. gxf5 Nxf5 18. Bh3 Qe7 19. Bg3 Ncd4 20. c3 Nxf3+ 21. Nxf3
Nxg3 22. fxg3 Rxf3 23. Kg2 Rdf8 24. Rf1 d4 25. Rxf3 Rxf3 26. Kh2 Bxe5 27. Rg1
Qxh4 28. Qe1 Bb8 29. c4 g5 0-1

[Event "DEM U10/U10w 2009"]
[Site "Willingen GER"]
[Date "2009.06.03"]
[Round "6"]
[White "Nguyen, Anh Van"]
[Black "Litzka, Richard"]
[Result "0-1"]
[Termination "normal"]
[Board "20"]
[WhiteElo "1095"]
[BlackElo "1330"]
[PlyCount "56"]
[WhiteFideId "12908223"]
[EventCountry "GER"]
[EventRounds "11"]
[EventType "swiss"]
[EventDate "2009.05.30"]

1. e4 c5 2. f4 d5 3. exd5 Qxd5 4. Nc3 Qd8 5. Nf3 Nf6 6. Bc4 e6 7. O-O Be7 8. d3
O-O 9. Be3 a6 10. a4 b6 11. Ne5 Bb7 12. Bb3 Nbd7 13. Qe2 Qc7 14. d4 cxd4 15.
Bxd4 Bc5 16. Bxc5 Nxc5 17. Rad1 Rfd8 18. Rde1 Nce4 19. Nxe4 Nxe4 20. Rd1 Rxd1
21. Rxd1 Rd8 22. Rxd8+ Qxd8 23. f5 Qd4+ 24. Kf1 Qxe5 25. Qd3 Qf4+ 26. Kg1 Qf2+
27. Kh1 Ng3+ 28. Qxg3 Qf1# 0-1

[Event "DEM U10/U10w 2009"]
[Site "Willingen GER"]
[Date "2009.06.03"]
[Round "6"]
[White "Kaplun, David"]
[Black "Sieber, Fiona"]
[Result "1-0"]
[Termination "normal"]
[Board "21"]
[WhiteElo "1312"]
[BlackElo "1082"]
[PlyCount "123"]
[WhiteFideId "12901954"]
[BlackFideId "12902373"]
[EventCountry "GER"]
[EventRounds "11"]
[EventType "swiss"]
[EventDate "2009.05.30"]

1. d4 d5 2. c4 e6 3. Nf3 Nf6 4. Nc3 c6 5. Bg5 Nbd7 6. cxd5 cxd5 7. e3 Qa5 8. a3
h6 9. Bf4 Be7 10. Bd3 Qb6 11. Qc2 Bd6 12. Bxd6 Qxd6 13. Nb5 Qc6 14. Qxc6 bxc6
15. Nc7+ Kd8 16. Nxa8 Bb7 17. h3 Bxa8 18. Rc1 Kc7 19. Ke2 Rb8 20. Rc2 Kd6 21.
Rhc1 Rb6 22. Nd2 Rb8 23. e4 dxe4 24. Nxe4+ Nxe4 25. Bxe4 Rc8 26. g4 Nf6 27. Bg2
Nd5 28. Bxd5 exd5 29. b4 a6 30. f4 g6 31. Rc3 f6 32. Kf3 Ke7 33. Re1+ Kf7 34.
Rce3 Rc7 35. a4 Bb7 36. h4 Rd7 37. g5 h5 38. gxf6 Kxf6 39. Re8 Rc7 40. Rg8 Kf7
41. Rge8 Kf6 42. Rd8 Kf7 43. Rd6 Kg7 44. Ree6 Rf7 45. Rxg6+ Kf8 46. Rgf6 Bc8
47. Rxf7+ Kxf7 48. Rxc6 Bg4+ 49. Kg3 Ke7 50. Rxa6 Kd7 51. Rg6 Kc7 52. a5 Kb7
53. b5 Ka7 54. Rxg4 hxg4 55. Kxg4 Kb7 56. h5 Kc7 57. h6 Kb7 58. h7 Ka7 59. h8=Q
Kb7 60. Qg7+ Ka8 61. a6 Kb8 62. Qb7# 1-0

[Event "DEM U10/U10w 2009"]
[Site "Willingen GER"]
[Date "2009.06.03"]
[Round "6"]
[White "Weis, Olga"]
[Black "Paulsen, Alexej"]
[Result "0-1"]
[Termination "normal"]
[Board "22"]
[WhiteElo "1222"]
[BlackElo "1549"]
[PlyCount "106"]
[WhiteFideId "1270234"]
[BlackFideId "24662372"]
[EventCountry "GER"]
[EventRounds "11"]
[EventType "swiss"]
[EventDate "2009.05.30"]

1. e4 c5 2. Nf3 Nc6 3. d4 cxd4 4. Nxd4 e5 5. Nb5 d6 6. Be2 Be6 7. O-O Be7 8. c4
a6 9. N5a3 Nf6 10. Nc3 Nd4 11. Be3 Nxe2+ 12. Qxe2 Ng4 13. Nc2 Rc8 14. f3 Nxe3
15. Nxe3 Qb6 16. Ncd5 Bxd5 17. cxd5 Bg5 18. Rfe1 O-O 19. Rab1 Rc7 20. Kh1 Rfc8
21. Nf5 Rc2 22. Qd3 g6 23. Ng3 Qf2 24. Qf1 Rxb2 25. Qxf2 Rxf2 26. Re2 Rxe2 27.
Nxe2 Rc2 28. Ng3 Rxa2 29. h3 b5 30. Kh2 Bf4 31. h4 Bd2 32. Ne2 b4 33. Nc1 Bxc1
34. Rxc1 b3 35. Rb1 Ra3 36. Rb2 a5 37. Kg3 a4 38. f4 Ra2 39. Rb1 b2 40. fxe5
dxe5 41. d6 Kf8 42. d7 Ke7 43. d8=Q+ Kxd8 44. Rd1+ Ke7 45. Rb1 a3 46. h5 Ra1
47. Rxb2 axb2 48. hxg6 hxg6 49. Kg4 b1=Q 50. Kg5 Qxe4 51. Kh6 Rh1+ 52. Kg7 Qh4
53. Kg8 Qh8# 0-1

[Event "DEM U10/U10w 2009"]
[Site "Willingen GER"]
[Date "2009.06.03"]
[Round "6"]
[White "von Reppert, Marc"]
[Black "Schaefer, Matthes"]
[Result "1-0"]
[Termination "normal"]
[Board "23"]
[WhiteElo "1111"]
[BlackElo "1311"]
[PlyCount "43"]
[WhiteFideId "12918130"]
[BlackFideId "12946117"]
[EventCountry "GER"]
[EventRounds "11"]
[EventType "swiss"]
[EventDate "2009.05.30"]

1. d4 d5 2. c4 e6 3. Nc3 Nf6 4. Bg5 Nbd7 5. e3 Be7 6. Nf3 O-O 7. Bd3 dxc4 8.
Bxc4 b6 9. O-O Bb7 10. Re1 c5 11. Rc1 Rc8 12. dxc5 Nxc5 13. Qxd8 Rfxd8 14. Nd4
a6 15. Be2 Re8 16. Red1 Nd5 17. Nxd5 exd5 18. Bxe7 Rxe7 19. b4 Nd7 20. Nf5 Ree8
21. Rxc8 Rxc8 22. Ne7+ 1-0

[Event "DEM U10/U10w 2009"]
[Site "Willingen GER"]
[Date "2009.06.03"]
[Round "6"]
[White "Fabiunke, Jakob"]
[Black "Truong, Van Trang"]
[Result "1/2-1/2"]
[Termination "normal"]
[Board "24"]
[WhiteElo "1289"]
[BlackElo "1059"]
[PlyCount "140"]
[WhiteFideId "24686085"]
[EventCountry "GER"]
[EventRounds "11"]
[EventType "swiss"]
[EventDate "2009.05.30"]

1. d4 d6 2. Nf3 Nd7 3. c4 e5 4. e3 Be7 5. Nc3 Ngf6 6. Bd3 O-O 7. O-O c6 8. a3
Re8 9. Re1 Bf8 10. e4 g6 11. Bg5 Bg7 12. Bc2 Qb6 13. b4 Nh5 14. Be3 Nf8 15.
dxe5 Qd8 16. Bg5 Qd7 17. Ne2 dxe5 18. Qxd7 Bxd7 19. Rad1 Rac8 20. c5 Bg4 21.
Rd3 h6 22. h3 Bxf3 23. Rxf3 hxg5 24. Bb3 Re7 25. Rd1 Nf6 26. Re3 Bh6 27. g4 Ne6
28. Bxe6 Rxe6 29. f3 Bf8 30. Red3 Be7 31. Nc3 b6 32. cxb6 axb6 33. Na4 c5 34.
bxc5 Bxc5+ 35. Nxc5 bxc5 36. a4 Ra6 37. Rd8+ Rxd8 38. Rxd8+ Kg7 39. Rc8 Rxa4
40. Rxc5 Nxe4 41. Rxe5 Nf6 42. Rxg5 Rf4 43. Kg2 Nh7 44. Rd5 Ng5 45. Rxg5 f6 46.
Rc5 Kf7 47. Kg3 Ra4 48. Rc3 g5 49. h4 Kg6 50. hxg5 Kxg5 51. Rc5+ Kg6 52. Rf5
Kf7 53. Kh4 Kg6 54. f4 Rb4 55. Kg3 Rb3+ 56. Kf2 Rh3 57. Rd5 Rh4 58. Kg3 Rh7 59.
Rd6 Ra7 60. g5 Rf7 61. Kg4 Kg7 62. f5 Rf8 63. Rd7+ Rf7 64. gxf6+ Kxf6 65. Rxf7+
Kxf7 66. Kf4 Kf6 67. Ke4 Kf7 68. Ke5 Ke7 69. f6+ Kf7 70. Kf5 Kf8 1/2-1/2

[Event "DEM U10/U10w 2009"]
[Site "Willingen GER"]
[Date "2009.06.03"]
[Round "6"]
[White "Hümmecke, Sarah"]
[Black "Baberz, Alexander"]
[Result "1/2-1/2"]
[Termination "normal"]
[Board "25"]
[WhiteElo "979"]
[BlackElo "1268"]
[PlyCount "28"]
[BlackFideId "12921734"]
[EventCountry "GER"]
[EventRounds "11"]
[EventType "swiss"]
[EventDate "2009.05.30"]

1. e4 c5 2. c3 d5 3. exd5 Qxd5 4. d4 cxd4 5. cxd4 e6 6. Nf3 Nf6 7. Nc3 Qd8 8.
Bd3 Be7 9. O-O O-O 10. Be3 Nc6 11. Qe2 Ng4 12. h3 Nxe3 13. fxe3 h6 14. Rad1 Bd7
1/2-1/2

[Event "DEM U10/U10w 2009"]
[Site "Willingen GER"]
[Date "2009.06.03"]
[Round "6"]
[White "Richardt, Angelina"]
[Black "Schamschurko, André"]
[Result "1-0"]
[Termination "normal"]
[Board "26"]
[WhiteElo "1094"]
[BlackElo "1282"]
[PlyCount "61"]
[WhiteFideId "12938149"]
[BlackFideId "24695670"]
[EventCountry "GER"]
[EventRounds "11"]
[EventType "swiss"]
[EventDate "2009.05.30"]

1. e4 e5 2. Nf3 Nc6 3. Bc4 Nf6 4. d3 d6 5. h3 Be7 6. O-O O-O 7. c3 Bd7 8. Nbd2
Na5 9. Bb3 Nxb3 10. Nxb3 Qc8 11. Kh2 c6 12. Nbd2 Qc7 13. b4 d5 14. Kg1 Rad8 15.
Re1 Bd6 16. Nf1 d4 17. cxd4 Bxb4 18. Re2 exd4 19. Ng3 Bd6 20. e5 Nd5 21. exd6
Qxd6 22. Bb2 c5 23. Qd2 Nf4 24. Re4 Ne6 25. Ng5 b5 26. Nxe6 Bxe6 27. a3 Qb6 28.
Ne2 Bf5 29. Rf4 Qg6 30. Ng3 Bxd3 31. Rg4 1-0

[Event "DEM U10/U10w 2009"]
[Site "Willingen GER"]
[Date "2009.06.03"]
[Round "6"]
[White "Kasel, Mario"]
[Black "Lehmann, Erik"]
[Result "1/2-1/2"]
[Termination "normal"]
[Board "27"]
[WhiteElo "1234"]
[BlackElo "943"]
[PlyCount "43"]
[WhiteFideId "24660957"]
[EventCountry "GER"]
[EventRounds "11"]
[EventType "swiss"]
[EventDate "2009.05.30"]

1. e4 c5 2. Nf3 Nc6 3. Nc3 d6 4. Bb5 Bg4 5. d3 Nf6 6. Nd5 Qa5+ 7. Bd2 Qd8 8.
O-O g6 9. h3 Bxf3 10. Qxf3 Bg7 11. Bg5 O-O 12. Nxf6+ exf6 13. Bf4 Nd4 14. Qd1
Nxb5 15. a4 Nd4 16. c3 Ne6 17. Bg3 Bh6 18. Qb3 Nf4 19. Bxf4 Bxf4 20. Qxb7 Qb8
21. Qd5 Re8 22. g3 1/2-1/2